Statistics for Switzerland First Level Subdivisions

Click here to take the quiz!

General Stats

  • This quiz has been taken 179 times
  • The average score is 17 of 26

Answer Stats

Cantons% Correct
Geneva
95%
Zürich
94%
Bern
91%
Basel
86%
Ticino
71%
Uri
71%
Zug
70%
Vaud
68%
Jura
65%
Saint Gallen
65%
Valais
65%
Luzern
64%
Aargau
62%
Fribourg
61%
Neuchâtel
59%
Schwyz
59%
Grisons
58%
Schaffhausen
56%
Nidwalden
55%
Obwalden
55%
Appenzell Innerrhoden
53%
Appenzell Ausserrhoden
52%
Thurgau
52%
Basel-Landschaft / Basel Rural
48%
Glarus
48%
Solothurn
47%

Score Distribution

Percentile by Number Answered

Percent of People with Each Score

Your Score History

You have not taken this quiz